Aircrafts of Cathay Pacific - Statistics

General Stats
  • This quiz has been taken 13 times
  • The average score is 74 of 153
Answer Stats
Type Registration % Correct
B747-400ERF B-LIA
67%
B-LIB
67%
B-LIC
67%
B-LID
67%
B-LIE
67%
B-LIF
67%
B747-8F B-LJA
67%
B-LJB
67%
B-LJC
67%
B-LJD
67%
B-LJE
67%
B-LJF
67%
B-LJG
67%
B-LJH
67%
B-LJK
67%
B-LJL
67%
A350-900 B-LRA
67%
B-LRB
67%
B-LRC
67%
B-LRD
67%
B-LRE
67%
B-LRF
67%
B-LRG
67%
B-LRI
67%
B-LRJ
67%
B-LRK
67%
B-LRL
67%
B-LRM
67%
B-LRN
67%
B-LRO
67%
B-LRP
67%
B-LRQ
67%
B-LRS
67%
B-LRT
67%
B-LRU
67%
B-LRV
67%
A350-1000 B-LXA
67%
B-LXB
67%
B-LXC
67%
B-LXD
67%
B-LXE
67%
B-LXF
67%
B-LXG
67%
B-LXH
67%
B-LXI
67%
B-LXJ
67%
B-LXK
67%
B-LXL
67%
B777-300 B-HNE
56%
B-HNF
56%
B-HNR
56%
B777-300ER B-KPA
56%
B-KPC
56%
B-KPF
56%
B-KPI
56%
B-KPL
56%
B-KPN
56%
B-KPO
56%
B-KQA
56%
B-KQB
56%
B-LJI
56%
B-LJJ
56%
B-LJM
56%
B-LJN
56%
B-LRR
56%
B-LRX
56%
B-HNG
44%
B-HNH
44%
B-HNI
44%
B-HNM
44%
B-HNN
44%
B-HNO
44%
B-HNP
44%
B-HNQ
44%
B-HNT
44%
B-KPD
44%
B-KPE
44%
B-KPH
44%
B-KPJ
44%
B-KPK
44%
B-KPM
44%
B-KPP
44%
B-KPQ
44%
B-KPR
44%
B-KPS
44%
B-KPT
44%
B-KPU
44%
B-KPY
44%
B-KPZ
44%
B-KQC
44%
B-KQD
44%
B-KQE
44%
B-KQF
44%
B-KQI
44%
B-KQL
44%
B-KQO
44%
B-KQP
44%
B-KQQ
44%
B-KQS
44%
B-KQV
44%
B-KQW
44%
B-KQX
44%
B-LAD
44%
B-LAE
44%
B-LAF
44%
B-LAJ
44%
B-LAK
44%
B-LAP
44%
B-LAR
44%
B-HLQ
33%
B-HNJ
33%
B-HNK
33%
B-HNS
33%
B-HNU
33%
B-HNV
33%
B-HNX
33%
B-KPV
33%
B-KPW
33%
B-KPX
33%
B-KQG
33%
B-KQH
33%
B-KQJ
33%
B-KQK
33%
B-KQM
33%
B-KQN
33%
B-KQR
33%
B-KQT
33%
B-KQU
33%
B-KQY
33%
B-KQZ
33%
B-LAL
33%
B-LAN
33%
B-LAO
33%
B-LAQ
33%
B-LAX
33%
B-LBA
33%
B-LBB
33%
B-LBC
33%
B-LBJ
33%
B-LQA
33%
B-LQB
33%
B-LQD
33%
B-LQE
33%
A330-300 B-HLF
22%
B-HLH
22%
B-HLP
22%
B-HLR
22%
B-HLS
22%
B-LAM
22%
B-HLU
11%
B-HLV
11%
B-HLW
11%
B-LAZ
11%
No matching quizzes found
Score Distribution
Percent of People with Each Score
Percentile by Number Answered
Your Score History
You have not taken this quiz